000 00629nam a2200229 i 4500
001 9336
003 ES-MaACL
005 20230906145643.0
007 t|
008 930806s1992 sp ||||1| spa d
020 _a84-604-2685-8
080 _a86-14"19"
080 _a86(Pérez Torres,C.7 M.01)
100 1 _aPérez Torres, Carlos.
_991177
245 1 0 _aMemoria de la luz /
_cCarlos Pérez Torres.
260 _a[Madrid] :
_bEuterpe,
_cD.L. 1992.
300 _a19 p. :
_bil. ;
_c21 cm.
490 1 _aEuterpe ;
_v1
830 0 _aEuterpe ;
_v1
_9178437
852 _aES-MaACL
_j2146-F-14
_bR.121213
999 _c9336
_d9336